000 01304nam a2200349 a 4500
001 000113661
003 CHAP
005 20220329144406.0
008 170905s2017 mx a fsm |||||||spa d
010 _a110122
011 _a111094
040 _cCHAP
090 _aTesis
100 1 _aAntonio Pérez, Patricia
_9133190
245 1 0 _aFormación académica de los estudiantes de licenciatura de la UVM Texcoco /
_h[En línea]
_cpor Patricia Antonio Pérez.
260 _aChapingo, Méx. :
_bEl autor,
_c2017.
500 _aPara ver el contenido del material haga clic en la liga
502 _aTesis (Ph.D. en Educación Agrícola Superior) -- UACH. Departamento de Sociología Rural
590 _aBATCH
_b00
_c20181121
_lUCH01
_h0758
590 _aE6096MTM
_b05
_c20170905
_lUCH01
_h1243
590 _aE6096MTM
_b05
_c20170905
_lUCH01
_h1244
590 _aE6096MTM
_b05
_c20170906
_lUCH01
_h0948
590 _aE6096MTM
_b05
_c20170906
_lUCH01
_h0950
650 1 4 _aEducación superior
_xEstrategias de aprendizaje.
_9133215
650 1 4 _aEducación superior
_xPlanes de estudio.
_935650
650 1 4 _aEstudiantes
_xAptitud de aprendizaje.
_9130310
856 _a1
_n0000406
856 _aFinding aid
_uhttp://10.13.5.2/tesis/sist113661.pdf
_zTeclea aquí
901 _aBK
942 _cTESIS
942 _n0
999 _c110122
_d110122